000 00648cab a2200205 4500
001 WB2440-16
008 090401t1988 xxu||||| |||| 00| 0 eng d
035 _a(Sirsi) u42691
041 _aeng
245 _aTenants choice hitch
260 _c1988
350 _a0
490 _aIndependent
_v7/10/88 p5
520 _aThe Charity Commission has warned the DOE that housing associations with charitable status will be unable to take over council housing because it would not be considered a "charitable act".
650 _aHOUSING BILL
650 _aPICK A LANDLORD
690 _aBlock management
_96220
942 _n0
948 _c04/03/1997
999 _c27318
_d27318